000 01749cam a22003974a 4500
001 13797100
003 OSt
005 20150408114224.0
008 041119s2013 mdua b 001 0 eng
010 _a 2004027771
020 _a9781451111545
035 _a(DNLM)101234532
040 _aDNLM/DLC
_cDLC
_dDLC
042 _apcc
050 0 0 _aRC582
_b.D63 2005
082 0 0 _a616.079
_222
_bDTL
100 1 _aDoan, Thao.
_946317
245 1 0 _aLippincott's IIIustrated Reviews immunology /
_cThao Doan, Roger Melvold, Carl Waltenbaugh.
250 _a2nd ed.
260 _aBaltimore, MD :
_bLippincott Williams & Wilkins,
_c2013.
300 _axiii, 267 p. :
_bill. ;
_c26 cm.
504 _aIncludes bibliographical references and index.
505 0 _aIntroduction to the immune system: antigens and the concept of self versus nonself -- Cells, sell-surface molecules, and organs -- The innate immune response -- The adaptive immune response -- Protective immune responses -- Immune deficiency -- Hypersensitivity reactions -- Autoimmunity and tolerance -- Transplantation -- Immunotherapy and immunosuppression.
650 0 _aClinical immunology.
_946318
650 1 2 _aImmune System.
650 2 2 _aImmunity.
650 2 2 _aImmunologic Factors.
_946319
650 2 2 _aImmunotherapy.
700 1 _aMelvold, Roger.
_946320
700 1 _aWaltenbaugh, Carl.
_946321
856 4 1 _3Table of contents
_uhttp://www.loc.gov/catdir/toc/ecip054/2004027771.html
856 4 2 _3Publisher description
_uhttp://www.loc.gov/catdir/enhancements/fy0712/2004027771-d.html
906 _a7
_bcbc
_corignew
_d1
_eecip
_f20
_gy-gencatlg
942 _2ddc
_cBOOK
999 _c35633
_d270133